| 000 | 00335nam a22001457a 4500 | ||
|---|---|---|---|
| 020 | _a81-219-0074-3 | ||
| 082 |
_a546 _bMAD/S |
||
| 100 | _aMADAN, R.D | ||
| 245 | _aMODERN INORGANIC CHEMISTRY | ||
| 250 | _aREPRINT | ||
| 260 |
_aDELHI _bS. CHAND & COMPANY _c2005 |
||
| 300 | _a1548 | ||
| 650 |
_aCHEMISTRY REFERENCE _zINDIA |
||
| 942 | _cBK | ||
| 999 |
_c1462 _d1462 |
||